1473 1152 1923 1131 1239 1306 1309 1872 1692 1435 1209 1723 1896 1717 1292 1337 1670 1267 1820 1615 1328 1289 1968 1771 1194 1911 1590 1228 1439 1789 1855 1497 1616 1116 1162 1493 1652 1127 1944 1279 1103 1542 1823 1178 1717 1994 1092 1094 1254 1143 1942 1908 1420 1214 1934 1502 1684 1730 1816 1769 1874 1102 1252 1675 1408 1925 1455 1944 1868 1238 1651 1839 1785 1841 1476 1131 1371 1316 1431 1130 1809 1188 1887 1137 1289 1557 1115 1274 1965 1500 1724 1790 1866 1719 1096 1135 1905 1167 1455 BCNSPRNW ULIB Ver.6.0+V

เปลี่ยนเป็นภาษาไทย

Change to English
 แสดงรายละเอียดบรรณานุกรม
  กลับหน้าหลัก

Brief Record : Get Marc (ISO 2709) : E-mail record : QR code < ปิดหน้าต่าง
LEADER : 00000nam 2200000uu 4500
001    13399127157
003     ULIB
008    191018s2562||||th 000 0 tha d
020 ^- ^a9786160036202
050 ^- ^aนว.^bต258ณ
100 0^ aตะวัน.
245 10 ^aณ จุดเกิดรัก /^cตะวัน.
250 ^- ^aพิมพ์ครั้งที่ 1.
260 ^- ^aกรุงเทพฯ :^bบริษัทสถาพรบุ๊คส์ จำกัด,^c2562
300 ^- ^a487 หน้า.
945    ^p340^l0^i006344
999    ^aประนอม เกษจรัล
รายการนี้ยังไม่มีแท็ก
คุณยังไม่ได้ล็อกอิน คุณสามารถมีกิจกรรมร่วมกับเว็บไซต์ได้ แต่ต้องล็อกอินก่อน ::
  ล็อกอิน

รายการสื่อสารสนเทศ

ลำดับที่ ประเภท เลขเรียก/บาร์โค้ด สถานที่ สถานะ
1. นวนิยาย
นวนิยาย
นว. ต258ณ ฉ.1 
  Barcode: 006344
ห้องสมุดวิทยาเขตนครสวรรค์
►นวนิยาย:l:Fiction
บนชั้น

รายการใกล้เคียง
    ผู้แต่ง [aตะวัน.]

BibComment


ยังไม่เคยถูกคอมเมนท์

คอมเมนท์ทรัพยากรรายการนี้
  คอมเมนท์: ณ จุดเกิดรัก ตะ..


 Copyright 2026. Bcnsprnw @Library